000 00612nam a2200169 a 4500
005 20140412111246.0
008 010418s19uu xx 00 eng d
020 _a971-08-3075-9
050 _aFil 398.2
_bY1 1986
100 _aMina, Agnes G.
245 _aPindong's search for courage :
_benglish transtlation of Ang Gintong Puso /
_cstory by Agnes G. Mina; illustrations by Joel C. Yau.
260 _aManila, Philippines :
_bNational Book Store,
_c1986.
300 _a20 p. ; ill.
500 _aGrand Prize Category A 1985 PBBY illustrators Prize
650 _aCourage stories, Philippines
999 _c102949
_d102949